书目信息 |
| 题名: |
室内设计基础
|
|
| 作者: | 傅凯 , 李炳南 编著 | |
| 分册: | ||
| 出版信息: | 西安 陕西人民美术出版社 2011.07 |
|
| 页数: | 142页 | |
| 开本: | 29cm | |
| 丛书名: | 普通高等教育“十二五”国家级规划教材 | |
| 单 册: | ||
| 中图分类: | TU238 | |
| 科图分类: | ||
| 主题词: | 室内装饰设计--shi nei zhuang shi she ji--高等学校--教材 | |
| 电子资源: | ||
| ISBN: | 978-7-5368-2519-2 | |
| 000 | 01214nam 2200289 450 | |
| 001 | 1134904142 | |
| 005 | 20111110141214.71 | |
| 010 | @a978-7-5368-2519-2@dCNY46.00@z7-5368-2519-6 | |
| 100 | @a20110914d2011 em y0chiy50 ea | |
| 101 | 0 | @achi |
| 102 | @aCN@b610000 | |
| 105 | @aak a 000yy | |
| 200 | 1 | @a室内设计基础@Ashi nei she ji ji chu@f傅凯, 李炳南编著 |
| 210 | @a西安@c陕西人民美术出版社@d2011.07 | |
| 215 | @a142页@c图 (部分彩图)@d29cm | |
| 225 | 2 | @a普通高等教育“十二五”国家级规划教材@Apu tong gao deng jiao yu“shi er wu”guo jia ji gui hua jiao cai |
| 225 | 2 | @a全国高等学校建筑学科环境艺术专业教材@Aquan guo gao deng xue xiao jian zhu xue ke huan jing yi shu zhuan ye jiao cai |
| 320 | @a有书目 (第142页) | |
| 330 | @a本书共分七章, 内容包括概述 ; 室内设计理论 ; 室内设计系统 ; 室内空间界面设计 ; 类型建筑空间室内设计 ; 设计实务 ; 室内设计案例欣赏。 | |
| 410 | 0 | @12001 @a普通高等教育“十二五”国家级规划教材 |
| 410 | 0 | @12001 @a全国高等学校建筑学科环境艺术专业教材 |
| 606 | 0 | @a室内装饰设计@Ashi nei zhuang shi she ji@x高等学校@j教材 |
| 690 | @aTU238@v4 | |
| 701 | 0 | @a傅凯@Afu kai@4编著 |
| 701 | 0 | @a李炳南@Ali bing nan@4编著 |
| 801 | 0 | @aCN@c20110914 |
| 905 | @dTU238@eF9332 | |
| 室内设计基础/傅凯, 李炳南编著.-西安:陕西人民美术出版社,2011.07 |
| 142页:图 (部分彩图);29cm.-(普通高等教育“十二五”国家级规划教材).-(全国高等学校建筑学科环境艺术专业教材) |
| ISBN 978-7-5368-2519-2:CNY46.00 |
| 本书共分七章, 内容包括概述 ; 室内设计理论 ; 室内设计系统 ; 室内空间界面设计 ; 类型建筑空间室内设计 ; 设计实务 ; 室内设计案例欣赏。 |
| ● |
| 相关链接 |
|
|
|
正题名:室内设计基础
索取号:TU238/F9332
 
预约/预借
| 序号 | 登录号 | 条形码 | 馆藏地/架位号 | 状态 | 备注 |
| 1 | 1220385 | 212203854 | 建筑与城市规划学院资料室/101建筑库 22排1列2层/ [索取号:TU238/F9332] | 在馆 | |
| 2 | 1220386 | 212203863 | 建筑库101/101建筑库 48排4列5层/ [索取号:TU238/F9332] | 在馆 | |
| 3 | 1220387 | 212203872 | 建筑库101/101建筑库 48排4列5层/ [索取号:TU238/F9332] | 在馆 |